| 000 | 01475nam a2200361 i 4500 | ||
|---|---|---|---|
| 001 | 196654 | ||
| 003 | ES-MaACL | ||
| 005 | 20250722063201.0 | ||
| 008 | 241011s2013 sp | |||| 000 0 spa | ||
| 015 | _aMON13 | ||
| 017 |
_aM 26336-2013 _bOficina Depósito Legal Madrid |
||
| 020 | _a9788499588926 | ||
| 035 | _a(OCoLC)864964319 | ||
| 035 | _a(SpMaBN)a5449894 | ||
| 040 |
_aSpMaBN _bspa _cSpMaBN _erdc |
||
| 080 | _a821.134.2 Valera, Juan 1.07 | ||
| 100 | 1 |
_aSánchez García, Remedios, _d1975- _9239190 _eaut |
|
| 245 | 1 | 0 |
_aJuan Valera en la encrucijada : _bpensamiento, estética e ideología en la literatura del siglo XIX _cMaría Remedios Sánchez García |
| 260 |
_aMadrid _bSíntesis _cD.L. 2013 |
||
| 300 |
_a151 páginas ; _c23 cm |
||
| 336 |
_aTexto (visual) _2isbdcontent |
||
| 337 |
_asin mediación _2isbdmedia |
||
| 338 |
_2rdacarrier _avolumen |
||
| 490 | 0 | _aLetras universitarias | |
| 504 | _aBibliografía: páginas 147-151 | ||
| 600 | 1 | 4 |
_aValera, Juan, _d1824-1905- _xCrítica e interpretación _2embne _9112641 |
| 852 |
_aES-MaACL _cDEPOJ _jN-10167 _gDedicatoria autógrafa de la autora _hDonación: María Remedios Sánchez García _xEncuadernación rústica _9206294 |
||
| 903 |
_9239190 _aSánchez García, Remedios, _d1975- _ednr |
||
| 942 |
_cMONOGRAFIA _n0 |
||
| 999 |
_c196654 _d196654 |
||